| 000 | 01244cam a22001934a 4500 | ||
|---|---|---|---|
| 005 | 20250605164339.0 | ||
| 008 | 250528s ||||||||||||||||||||||||d | ||
| 035 | _a23553 | ||
| 040 |
_aGR-AtMCL _bgre _dGR-AtMCL _eAACR2 |
||
| 245 | 1 | _aExploring the Application of Digital Marketing Tools in the Greek Hospitality Industry/The Case Study of the Divani Caravel Hotel: BA (Hons) International Hospitality Management | |
| 260 | _c2019 | ||
| 300 | _a33 | ||
| 520 | _aAbstract, Introduction, From Traditional to Digital Marketing, Traditional Marketing, Trasditional vs Digital Marketing, Hospitality Industry Transitions to the Technology Era, Conclusion, Digital Marketing, Digital Marketing Definition, Advantages of Digital Media, Stages of Digital Marketing, Application of Digital Marketing, Common Digital Marketing Applications, Digital Marketing and Measurability, Marketing Executives Apply Digital Tools, Strategic Development, Case Study, Methodology, S.W.O.T. Analysis, Results, Interview, On Line Presence Analysis, The Contribution of Technology in Greek Hospitality Industry, Conclusion, References. | ||
| 700 | 1 |
_aBatmani Athina _99130 |
|
| 700 | 1 |
_aVrasida Maria _99131 |
|
| 942 | _cDS | ||
| 999 |
_c8554 _d8554 |
||